Statistics for happiness - Taylor Swift (All Lyrics)

Click here to take the quiz!

General Stats

  • This quiz has been taken 633 times
  • The average score is 357 of 431

Answer Stats

Answer% Correct
a
100%
be
99%
I
99%
the
99%
you
99%
You
99%
happiness
98%
of
98%
There
97%
there
97%
was
97%
Is
96%
is
96%
because
95%
But
95%
can
95%
In
95%
in
95%
it
95%
After
94%
after
94%
me
94%
And
93%
and
93%
to
92%
when
92%
When
92%
all
91%
All
91%
for
91%
my
91%
No
90%
these
88%
things
88%
true
88%
what
88%
your
88%
do
87%
see
87%
I'm
86%
Who
86%
can't
85%
that
85%
That
85%
now
83%
our
83%
too
83%
Both
82%
trees
82%
above
81%
haven't
81%
hurt
81%
where
81%
did
80%
go
80%
met
80%
new
80%
on
80%
at
79%
Honey
79%
like
79%
look
79%
yet
79%
behind
78%
by
78%
Leave
78%
leave
78%
years
78%
this
77%
give
76%
history
76%
spot
76%
There'll
76%
eyes
75%
Tell
75%
night
74%
she'll
72%
didn't
71%
know
71%
right
71%
smile
71%
it's
70%
mean
70%
beautiful
69%
hurts
69%
make
69%
man
69%
smirk
69%
we're
69%
from
68%
From
68%
good
68%
great
68%
next
68%
seven
68%
winning
68%
fool
67%
him
67%
light
67%
music
67%
Begin
66%
divide
66%
given
66%
heaven
66%
I've
66%
Past
66%
stopped
66%
takes
66%
away
65%
believe
65%
dancing
65%
Every
65%
hiding
65%
hope
65%
making
65%
midnight
65%
price
65%
through
65%
up
65%
deepest
64%
one
64%
shit
64%
Sorry
64%
down
63%
dress
63%
guess
63%
just
63%
mine
63%
spots
63%
sunrise
63%
weapons
63%
wore
63%
body
62%
face
62%
fake
62%
fury
62%
glorious
62%
lifetime
62%
loved
62%
reinvention
62%
Showed
62%
dividin
61%
into
61%
start
61%
villain
61%
goddamn
60%
lessons
60%
blood
59%
cries
59%
facts
59%
Pointed
59%
teaches
59%
acid
58%
across
58%
bruise
58%
curses
58%
had
58%
head
58%
think
58%
would've
58%
lay
57%
pillow
57%
rain
57%
used
57%
disbelief
56%
get
56%
niceties
56%
forgiveness
55%
paid
55%
want
55%
green
54%
with
54%
best
53%
flicker
52%
Haunted
52%
leak
52%
pulled
52%
giving
50%
nightfall
50%
Oh
49%
terror
49%
Beyond
46%
Dappled
41%
flickers
41%

Score Distribution

Percentile by Number Answered

Percent of People with Each Score

Your Score History

You have not taken this quiz